| 000 | 01571cam a2200349 a 4500 | ||
|---|---|---|---|
| 999 |
_c3442 _d3442 |
||
| 001 | 113681 | ||
| 003 | GBCCL | ||
| 005 | 20241126110455.0 | ||
| 008 | 040824s2004 tnub b 000 0 eng | ||
| 010 | _a 2004020084 | ||
| 020 | _a0785262512 | ||
| 035 | _a(OCoLC)ocm56481692 | ||
| 040 |
_aDLC _cDLC _dLBB |
||
| 042 | _apcc | ||
| 049 |
_aLBBK _aLBBL |
||
| 050 | 0 | 0 |
_aBV652.1 _b.M23 2004 |
| 082 | 0 | 0 |
_a253 _222 _bMAC |
| 090 |
_aBV652.1 _b.M23 2004 |
||
| 100 | 1 |
_aMacArthur, John, _d1939- _91165 |
|
| 245 | 1 | 4 |
_aThe book on leadership : _bthe power of a godly influence / _cJohn MacArthur. |
| 260 |
_aNashville : _bT. Nelson Publishers, _cc2004. |
||
| 300 |
_axii, 211 p. : _bmap ; _c24 cm. |
||
| 504 | _aIncludes bibliographical references. | ||
| 505 | 0 | _aEarning trust -- Taking the initiative -- Taking courage -- Taking charge -- A leader's devotion to his people -- Paul defends his sincerity -- Who is sufficient for these things? -- A leader made of clay -- The leader's warfare -- How to not be disqualified -- Who is fit to lead? -- The measure of a leader's success. | |
| 520 | _aLBC Collection copy was presented to Lancaster Bible College in honor of Charlie Jones for the Charles & Gloria Jones Library,Gibson Armstrong | ||
| 600 | 0 | 0 |
_aPaul, _cthe Apostle, Saint. _91848 |
| 630 | 0 | 0 |
_aBible. _pN.T. _xCriticism, interpretation, etc. _92339 |
| 650 | 0 |
_aChristian leadership. _91568 |
|
| 650 | 0 |
_aChristian leadership _xBiblical teaching. _95795 |
|
| 856 | 4 | 1 |
_3Table of contents _uhttp://www.loc.gov/catdir/toc/ecip0422/2004020084.html |
| 942 |
_2ddc _cBK _07 |
||